000 00270nam a2200121Ia 4500
008 190216s9999||||xx |||||||||||||| ||und||
100 _aBabbni B B
245 0 _aElectronic Novelty Circuit
260 _bBabani
_c1975
300 _a95p
650 _aPhysics
942 _cBK
999 _c33096
_d33096